000 00641nam a2200277Ia 4500
005 20260324121806.0
008 008 260324s9999 xx 000 0 eng d
020 _a9781315580180
037 _aEBOOK
040 _aCRL
040 _beng
040 _cCRL
041 _2eng
041 _aeng
084 _qCRL
100 _aCaroline Potter
_91163894
245 0 _aErik Satie: Music, Art and Literature
260 _bTaylor and Francis
260 _c2013
365 _a
365 _b240
856 _uhttp://www.taylorfrancis.com/books/9781315580180
942 _cEBOOK
999 _c1756205
_d1756205